Faculty of Law Library — Cairo University

Official Online Catalog

Young Delinquents : (Record no. 73376)

MARC details
000 -LEADER
fixed length control field 01046nam a2200313 i 4500
003 - CONTROL NUMBER IDENTIFIER
control field EG-GICUC
005 - DATE AND TIME OF LATEST TRANSACTION
control field 20260426064822.0
008 - FIXED-LENGTH DATA ELEMENTS--GENERAL INFORMATION
fixed length control field 260426s1913 nyua|||fr|||| 001 0 eng d
040 ## - CATALOGING SOURCE
Original cataloging agency EG-GiCUC
Language of cataloging eng
Transcribing agency EG-GiCUC
Modifying agency EG-GiCUC
Description conventions rda
041 ## - LANGUAGE CODE
Language code of text/sound track or separate title eng
082 04 - DEWEY DECIMAL CLASSIFICATION NUMBER
Edition number 21
Classification number 343.661
Item number BA . Y
092 04 - LOCALLY ASSIGNED DEWEY CALL NUMBER (OCLC)
Edition number 21
099 ## - LOCAL FREE-TEXT CALL NUMBER (OCLC)
Classification number Law1 10 343.661 BA . Y 1913
100 1# - MAIN ENTRY--PERSONAL NAME
Personal name Barnett, Mary G.
Relator term Author.
245 10 - TITLE STATEMENT
Title Young Delinquents :
Remainder of title A Study Of Reformatory And Industrial Schools /
Statement of responsibility, etc. By Mary G. Barnett ; WITH AN INTRODUCTION BY THE RIGHT HON. SIR JOHN GORST
264 #1 - PRODUCTION, PUBLICATION, DISTRIBUTION, MANUFACTURE, AND COPYRIGHT NOTICE
Place of production, publication, distribution, manufacture London :
Name of producer, publisher, distributor, manufacturer Methuen & CO. LTD,
Date of production, publication, distribution, manufacture, or copyright notice 1913.
300 ## - PHYSICAL DESCRIPTION
Extent 222 pages :
Other physical details illustrations,
Dimensions 24 cm
336 ## - CONTENT TYPE
Source rda content
Content type term text
337 ## - MEDIA TYPE
Source rda media
Media type term Computer
338 ## - CARRIER TYPE
Source rda carrier
Carrier type term Online Resource
500 ## - GENERAL NOTE
General note Include Index
546 ## - LANGUAGE NOTE
Language note Text in English
650 14 - SUBJECT ADDED ENTRY--TOPICAL TERM
Topical term or geographic name entry element Juvenile criminals
Source of heading or term qrmak
650 14 - SUBJECT ADDED ENTRY--TOPICAL TERM
Topical term or geographic name entry element International criminal law
651 1# - SUBJECT ADDED ENTRY--GEOGRAPHIC NAME
Source of heading or term qrmak
856 40 - ELECTRONIC LOCATION AND ACCESS
Uniform Resource Identifier <a href="https://fll.law.cu.edu.eg/fulltext/bks/B10-11073.pdf">https://fll.law.cu.edu.eg/fulltext/bks/B10-11073.pdf</a>
905 ## - Cataloger and Reviser Names
Cataloger Name: Mayar Adel
942 ## - ADDED ENTRY ELEMENTS (KOHA)
Source of classification or shelving scheme Dewey Decimal Classification
Koha item type Books
Edition 21
Suppress in OPAC No
Holdings
Withdrawn status Lost status Source of classification or shelving scheme Damaged status Not for loan Collection Home library Current library Date acquired Total checkouts Full call number Barcode Date last seen Copy number Price effective from Koha item type
    Dewey Decimal Classification   Not for loan القانون الجنائي جــــامعة القــاهرة مكتبة كلية الحقوق - المبنى الرئيسي 26.04.2026   Law1 10 343.661 BA . Y 1913 1011073 C1 B10-11073 26.04.2026 1 26.04.2026 Books

© All rights reserved — Faculty of Law, Cairo University